| 000 | 01018nam a22002537a 4500 | ||
|---|---|---|---|
| 005 | 20170124102954.0 | ||
| 010 | _aA-459892 | ||
| 020 | _c50.00 | ||
| 035 | _aA-459892 | ||
| 037 | _bCen Lib/Ret | ||
| 040 |
_aDPL _bHN |
||
| 082 |
_a821 _bगोस्वामी |
||
| 100 |
_aगोस्वामी, केवल _97808 |
||
| 245 |
_aएक नदी की देहगाथा / _cकेवल गोस्वामी |
||
| 246 |
_aEk nadee ki dehgatha / _bby Keval Goswami |
||
| 260 |
_aदिल्ली _bजयश्री प्रकाशन _c1989 |
||
| 270 |
_bदिल्ली _a4/115, विश्वासनगर, शाहदरा _e110032 |
||
| 300 |
_a96पृ. _c21सेमी (सजिल्द) |
||
| 650 |
_aहिन्दी -- साहित्य _952499 |
||
| 650 |
_aहिन्दी -- काव्य _9779 |
||
| 650 |
_aHindi -- literature _952500 |
||
| 650 |
_aHindi - Poetry _952501 |
||
| 942 |
_2ddc _cHN _h821 _mगोस्वामी |
||
| 999 |
_c113493 _d113493 |
||